000 00384nam a2200169Ia 4500
008 210210b1907 xxu||||| |||| 00| 0 eng d
041 _aeng
082 _a829/71
100 _aBENSON (R H)
245 _aMirror of Shallott
260 _aLondon
_bHutchinson & Co
_c1907
650 _aShallott
650 _aof
650 _aMirror
690 _aEnglish Fiction
906 _a016681
999 _c136346
_d136346